| 000 | 01712nam1a2200349 4500 | ||
|---|---|---|---|
| 001 | RU\NLR\BIBL_A\022673063 | ||
| 005 | 20260408230938.0 | ||
| 035 | _a(NLR Aleph) 022673063 | ||
| 090 |
_a13471191 _c13471191 |
||
| 100 | _a20021216d1997 k y0rusy50 ca | ||
| 101 | 0 | _arus | |
| 102 | _aRU | ||
| 105 | _a| i ||||| | ||
| 181 | 0 |
_ai _bxxxe |
|
| 182 | 0 | _an | |
| 200 | 1 |
_aИнвестиционная привлекательность нефтяных компаний Российской Федерации _e[статистические данные, технологические показатели] _fР. У. Танкаев, Н. В. Авраменко |
|
| 203 |
_aТекст _bвизуальный _cнепосредственный |
||
| 210 |
_aМосква _cИнфоТЭК-Консалт _d1997 |
||
| 215 | _d30 | ||
| 300 | _aВ макете: Серия "Инвестиционная привлекательность нефтяных компаний Российской Федерации" | ||
| 309 | _aБез тит. л. Описано по обл. | ||
| 309 | _aТекст на одной стороне листа | ||
| 309 | _aСобрано на пружину | ||
| 606 |
_aНефтегазовая промышленность _xПредприятия _xИнвестиционная привлекательность _yРоссийская Федерация _3RU\NLR\AUTH\6601763181 _92687879 |
||
| 686 | 1 | _aУ30(2)565.2-56(2Р) | |
| 700 | 1 |
_aТанкаев _bР. У. _gРустам Уланович |
|
| 701 | 1 |
_aАвраменко _bН. В. |
|
| 852 |
_aNLR _j2001-8/103 |
||
| 942 | _cBOOK | ||
| 980 | _aNB | ||